Top 50 Polskojęzycznych Piosenek na Spotify 2025 - Statystyki

Ogólne statystyki
  • Ten quiz został rozwiązany 95 razy
  • Średni wynik to 11 z 50
Statystyki odpowiedzi
# Rok Odtworzenia Odpowiedź % Poprawnych
1 2018 118 372 309 White 2115 - California
65%
2 2021 111 889 713 Mata - Kiss Cam
62%
48 2021 61 533 084 Mata - Patoreakcja
58%
16 2018 76 101 127 Taconafide - Tamagotchi
49%
46 2020 62 532 266 Sanah - Szampan
45%
11 2018 83 103 897 Tymek ft. Big Scythe - Język Ciała
45%
6 2021 87 275 543 Mata - Szafir
38%
7 2021 86 373 047 Kizo - Disney
35%
15 2019 82 006 908 Mata - Schodki
34%
4 2020 93 585 253 Guzior ft. Oskar83 - Fala
31%
20 2023 73 574 200 Kizo ft. Bletka - Taxi
31%
12 2020 82 520 850 Quebonafide ft. Daria Zawiałow - Bubbletea
31%
14 2019 82 017 494 Sobel - Impreza
29%
3 2020 111 765 388 Guzior - Blueberry
28%
50 2018 61 175 576 Taconafide ft. Bedoes 2115 - 8 Kobiet (Remix)
28%
19 2018 74 016 792 Dawid Podsiadło - Małomiasteczkowy
25%
41 2021 63 273 749 Sobel - Bandyta
25%
24 2019 70 857 406 Tymek ft. Trill Pem, Tede - Rainman
25%
22 2022 71 688 575 White 2115 - Riri
23%
8 2018 84 576 653 PRO8L3M - Ground Zero
22%
13 2020 82 103 289 ReTo - Billy Kid
22%
23 2022 71 351 161 SB Maffija - Lawenda
22%
27 2021 69 354 190 Sobel - Fiołkowe Pole
22%
21 2021 73 343 994 Mata - Szmata
20%
26 2023 69 752 910 Bambi x Young Leosia - BFF
18%
5 2021 89 350 146 Męskie Granie - I Ciebie też, bardzo
18%
18 2021 74 053 940 Sanah ft. Vito Bambino - Ale Jazz!
18%
43 2019 62 985 270 Tymek - Poza Kontrolą
18%
34 2019 66 287 440 White 2115 - Mogę dziś umierać
18%
33 2019 66 766 182 Ronnie Ferrari - Ona by tak chciała
17%
10 2021 83 303 564 Smolasty - Duże Oczy
17%
49 2019 61 438 331 Bedoes 2115 & Kubi Producent ft. Taco Hemingway - Chłopaki nie płaczą
15%
44 2019 62 871 305 Bedoes 2115 & Lanek - Jesteś ładniejsza niż na zdjęciach
15%
47 2020 61 670 697 Mata ft. Gombao 33 - Gombao 33
15%
25 2022 70 561 005 Mr. Polska - Złote Tarasy
15%
9 2022 84 522 533 Gibbs x Kiełas - Piękny Świat
14%
45 2022 62 633 363 Malik Montana ft. DaChoyce & The Plug - Jetlag
14%
36 2018 64 524 273 Męskie Granie - Początek
14%
17 2022 74 452 491 Sanah & Dawid Podsiadło - Ostatnia Nadzieja
14%
35 2018 64 876 405 Białas & Lanek - Grill u Gawrona
12%
31 2022 67 863 422 Oki - Jakie to uczucie?
11%
40 2019 63 513 219 Taco Hemingway ft. Dawid Podsiadło - W piątki leżę w wannie
11%
42 2023 63 055 969 Bambi - Millie Walky
9%
38 2023 63 825 074 Dawid Podsiadło - Mori
9%
39 2022 63 526 833 Sanah - Nic dwa razy (W. Szymborska)
9%
37 2021 64 430 072 Sobel & Sanah- Cześć, jak się masz?
9%
29 2018 68 002 066 Young Igi - Bestia
9%
30 2022 67 884 417 Miszel ft. Kabe - Dres
6%
28 2023 68 544 072 Zeamsone - 5 Influencerek
3%
32 2019 67 277 901 Schafter - Hot Coffie
2%
Nie znaleziono quizów pasujących do podanych kryteriów
Rozkład punktacji
Procent ludzi z każdym wynikiem
Percentyl według liczby udzielonych odpowiedzi
Twoja historia wyników
Nie rozwiązałeś tego quizu